01219nam a2200277 u 450000100070000000500170000700800410002403500110006504000130007604100080008908200080009710000480010524501560015326000430030930000140035265000330036665000180039965000330041765000330045065000580048370000490054194200100059099900170060050001960061795201280081315338420260506075953.0971202s1997 ||||||m| spa  a153384 ccomduadb aspa 4a62910aAlarcon S., Luis Fernando4auteaut927453110aFactibilidad tecnico economica de la implementacion de un sistema de control automatico por laser guiado (LGV) frente a un sistema de transfer y rieles aMedellín :b[sin publicador],c1997. a310 hojas 7aControl automático292764 aLáser95509 7aAutomatización2lemb91217 aIndustria electronica934142 aIndustria de equipos de navegacion electronica95390310aGaviria B., Carlos Alberto4auteaut9493461 cTESIS c80578d80578 aTesis (Especialista en Ciencias Electrónicas e Informática con Énfasis en Telemática) Universidad de Antioquia Departamento de Ingeniería Electrónica - Título del grado otorgado 001040708TESISBCaBCbBCd1997-12-02iC209216l0o629.8 A321fp61000001167044r2023-04-21 00:00:00t1w2023-04-21yTESIS